Poems of William Cullen Bryant / (Record no. 16351)

MARC details
000 -LEADER
fixed length control field 00728cam a2200229 a 4500
001 - CONTROL NUMBER
control field ca 28000277
003 - CONTROL NUMBER IDENTIFIER
control field DLC
005 - DATE AND TIME OF LATEST TRANSACTION
control field 20260227111119.0
008 - FIXED-LENGTH DATA ELEMENTS--GENERAL INFORMATION
fixed length control field 830126s1924 ksuc 000 0 eng
010 ## - LIBRARY OF CONGRESS CONTROL NUMBER
LC control number ca 28000277
040 ## - CATALOGING SOURCE
Original cataloging agency DLC
Transcribing agency DLC
Modifying agency DLC
050 10 - LIBRARY OF CONGRESS CALL NUMBER
Classification number PS1152
Item number .C7
050 00 - LIBRARY OF CONGRESS CALL NUMBER
Classification number Microfilm 78599 PS
051 ## - LIBRARY OF CONGRESS COPY, ISSUE, OFFPRINT STATEMENT
Classification number AC1
Item number .L8 no. 740
100 1# - MAIN ENTRY--PERSONAL NAME
Personal name Bryant, William Cullen,
Dates associated with a name 1794-1878.
240 10 - UNIFORM TITLE
Uniform title Poems.
Form subheading Selections
245 10 - TITLE STATEMENT
Title Poems of William Cullen Bryant /
Statement of responsibility, etc. edited, with introduction and notes, by Nelson Antrim Crawford.
260 ## - PUBLICATION, DISTRIBUTION, ETC.
Place of publication, distribution, etc. Girard, Kan. :
Name of publisher, distributor, etc. Haldeman-Julius Co.,
Date of publication, distribution, etc. c1924.
300 ## - PHYSICAL DESCRIPTION
Extent 64 p. :
Other physical details port. ;
Dimensions 13 cm.
440 #0 - SERIES STATEMENT/ADDED ENTRY--TITLE
Title Little blue book ;
Volume/sequential designation no. 740
700 1# - ADDED ENTRY--PERSONAL NAME
Personal name Crawford, Nelson Antrim,
Dates associated with a name 1888-

No items available.

Powered by Koha